00737cam a2200241 450000100060000000300080000600500170001400800410003103500190007204000270009104100080011808200230012610000200014924500390016926000480020830000220025635000090027850000200028750400640030760000700037165000260044165100280046718460BD-RjUL20211209000305.0140220s1969 nyu b 001 0 eng d a(BD-RjUL)18518 aDLCcDLCdBD-RjULbeng aeng00a823.912bCAD 19691 aCavitch, David.10aD. H. Lawrence and the New World / aNew York :bOxford University Press,c1969. a 232 p. ;c22 cm. a6.00 aIncludes index. aBibliographical references included in "Notes" (p. 219-227)10aLawrence, D. H.q(David Herbert),d1885-1930xKnowledgexAmerica. a literaturezAmerica  0aAmericaxIn literature.